[Event "Aimchess US Rapid Prelims 2021"]
[Site "Chess24"]
[Date "2021.08.25"]
[Round "2.2"]
[White "Vidit, Santosh Gujrathi"]
[Black "Carlsen, Magnus"]
[Result "1/2-1/2"]
[WhiteElo "2726"]
[BlackElo "2847"]
[Annotator "TA"]
[PlyCount "116"]
[EventDate "2021.08.28"]
[EventType "tourn"]
[EventCountry "NET"]
[Tiebreak "Direct encounter+Number of wins+Koya"]
[SourceTitle "playchess.com"]
[Source "ChessBase"]
[SourceQuality "1"]

{[%evp 13,116,33,39,18,10,20,35,23,35,35,43,49,70,68,68,54,89,89,89,89,96,87,
90,98,90,72,60,54,69,63,56,50,56,66,58,62,127,98,97,6,13,0,0,0,0,0,16,16,16,23,
23,18,70,34,34,37,95,91,194,144,147,128,129,129,129,129,150,158,225,229,232,
217,238,0,0,0,247,237,247,245,243,240,248,243,243,209,200,171,190,0,0,0,0,0,0,
0,0,0,0,0,0,0,0,0,0]} 1. d4 f5 2. g3 Nf6 3. Bg2 g6 4. c4 Bg7 5. Nc3 d6 6. Nf3
O-O 7. O-O a5 8. d5 {A87: Dutch Defence: Leningrad System: 5 Nf3.} Na6 9. Be3
Bd7 10. Rc1 {[#] White is slightly better.} c5 $146 ({Predecessor:} 10... c6
11. b3 Rc8 12. Qd2 cxd5 13. Nxd5 Ne4 14. Qd1 Nac5 15. Nd2 Nxd2 16. Qxd2 Bc6 {
1/2-1/2 (70) Macek,O (1934)-Madajczak,P (1612) Litomysl 2019}) 11. Qd2 Nc7 12.
a4 Nce8 13. b3 Qb6 14. Rb1 Qb4 15. Qc1 Ng4 16. Bd2 {Black must now prevent Nb5.
} Qb6 17. h3 Ne5 18. Ng5 Nc7 19. f4 Nf7 20. Nxf7 Rxf7 21. e4 Re8 22. Re1 e5 23.
dxe6 Nxe6 24. exf5 gxf5 (24... Rxf5 $14 25. Nb5 Bc6) 25. Nd5 Qd8 26. Bc3 (26.
Kh2 $16) 26... Bc6 $11 27. Kf2 Bd4+ 28. Bxd4 Nxd4 29. Qc3 Kg7 30. Rxe8 Qxe8 31.
Re1 $36 {[%mdl 2048] White is pushing.} Qd8 32. Ne3 Qf6 (32... Qb6 $1 $11) 33.
Nc2 Nxc2 34. Qxc2 Qd4+ (34... Kf8 $14) 35. Kf1 $16 h5 (35... Bxg2+ $16 36. Kxg2
Qf6) 36. h4 Qf6 37. Qd2 Bxg2+ 38. Kxg2 {[%mdl 4096] Endgame KQR-KQR} Re7 39.
Qxa5 Qb2+ 40. Kf1 Rxe1+ (40... Qf6 $16 41. Rxe7+ Qxe7) 41. Qxe1 $18 Qxb3 $16 {
KQ-KQ} 42. Qe7+ {[%mdl 64] [#] Double Attack} Kg8 43. Qe8+ $2 ({White has to
play} 43. Qg5+ $18 Kh8 44. Qxh5+ Kg7 45. Qg5+ (45. Qxf5 Qd1+ 46. Kf2 Qd2+ 47.
Kf1 Qd1+ 48. Kf2 Qd2+ 49. Kg1 Qd1+ 50. Kh2 Qe2+ 51. Kh3 Qf1+ 52. Kh2 Qe2+ 53.
Kg1 Qe1+ 54. Kh2 Qe2+ $11) 45... Kh8 46. Qd8+ (46. Qxf5 Qf3+ 47. Ke1 Qxg3+ 48.
Kd2 Qf2+ 49. Kd1 Qg1+ 50. Ke2 Qg2+ 51. Kd3 Qg3+ 52. Ke4 Qg2+ 53. Ke3 Qg3+ 54.
Kd2 Qf2+ 55. Kd1 Qg1+ 56. Ke2 Qg2+ 57. Kd3 Qg3+ 58. Ke4 Qg2+ 59. Ke3 Qg3+ 60.
Ke4 $11) 46... Kh7 47. Qd7+ (47. Qxd6 Qf3+ 48. Kg1 Qxg3+ 49. Kf1 Qf3+ 50. Kg1
Qg3+ 51. Kh1 Qh3+ 52. Kg1 Qg3+ $11) 47... Kg8 48. Qe8+ (48. Qxf5 Qf3+ 49. Ke1
Qxg3+ 50. Kd2 Qf2+ 51. Kc3 Qe1+ 52. Kb2 Qb4+ 53. Kc2 Qxc4+ 54. Kd2 Qd4+ 55. Ke2
c4 $11) 48... Kg7 49. Qe7+ Kg8 50. Qg5+ (50. Qxd6 Qxc4+ 51. Kf2 Qc2+ 52. Kg1
Qc1+ 53. Kh2 Qc2+ 54. Kh1 Qc1+ 55. Kh2 Qc2+ 56. Kh3 Qe4 $11) 50... Kh8 51. Qh6+
(51. Qxf5 Qf3+ 52. Kg1 Qxg3+ {[%mdl 64] Double Attack} 53. Kf1 Qf3+ 54. Kg1
Qg3+ {[%mdl 64] Double Attack} 55. Kh1 Qf3+ 56. Kh2 Qf2+ {[%mdl 64] Double
Attack} 57. Kh3 Qf3+ 58. Kh2 Qf2+ {[%mdl 64] Double Attack} 59. Kh3 Qf3+ 60.
Kh2 $11) 51... Kg8 52. Qg5+ (52. Qxd6 Qxc4+ 53. Kg2 Qe4+ 54. Kf2 Qc2+ 55. Kg1
Qc1+ 56. Kh2 Qc2+ 57. Kh3 Qe4 $11) 52... Kh8) 43... Kg7 $11 44. Qe7+ $2 (44.
Kg2 $11 Qc2+ 45. Kf3) 44... Kg8 $18 45. Qg5+ Kh8 46. Qxh5+ Kg7 47. Qg5+ (47.
Qxf5 Qf3+ 48. Kg1 Qxg3+ 49. Kf1 Qf3+ 50. Kg1 Qg3+ 51. Kh1 Qf3+ 52. Kh2 Qf2+ 53.
Kh3 Qf3+ 54. Kh2 Qf2+ 55. Kh3 Qf3+ 56. Kh2 $11) 47... Kh8 48. Qh6+ (48. Qxf5
Qf3+ 49. Kg1 Qxg3+ 50. Kf1 Qf3+ 51. Kg1 Qg3+ 52. Kh1 Qf3+ 53. Kh2 Qf2+ 54. Kh3
Qf3+ 55. Kh2 Qf2+ 56. Kh3 Qf3+ 57. Kh2 $11) 48... Kg8 49. Qe6+ (49. Qxd6 Qxc4+
50. Kf2 Qc2+ 51. Ke1 Qe4+ 52. Kf1 Qf3+ 53. Ke1 Qe4+ 54. Kf2 Qc2+ 55. Kg1 Qb1+
56. Kh2 Qc2+ 57. Kh3 Qe4 $11) 49... Kh8 {intending ...Qf3+.} 50. Qf6+ (50. Qxf5
Qf3+ 51. Kg1 Qxg3+ 52. Kf1 Qf3+ 53. Kg1 Qg3+ 54. Kh1 Qf3+ 55. Kh2 Qf2+ 56. Kh3
Qf3+ 57. Kh2 Qf2+ 58. Kh3 Qf3+ 59. Kh2 $11) 50... Kg8 {[#]} 51. Qxf5 $2 ({
Better is} 51. Qd8+ $1 $18 Kf7 52. Qd7+ (52. Qxd6 Qf3+ 53. Ke1 Qxg3+ 54. Ke2
Qg4+ 55. Ke3 Qg3+ 56. Ke2 Qg4+ 57. Ke3 Qg3+ 58. Ke2 $11) 52... Kg8 53. Qe6+ (
53. Qxf5 Qf3+ 54. Kg1 Qxg3+ {[%mdl 64] Double Attack} 55. Kf1 Qf3+ 56. Kg1 Qg3+
57. Kf1 Qf3+ 58. Kg1 Qg3+ $11) 53... Kg7 54. Qe7+ (54. Qxf5 Qf3+ 55. Kg1 Qxg3+
{[%mdl 64] Double Attack} 56. Kf1 Qf3+ 57. Kg1 Qg3+ 58. Kh1 Qf3+ 59. Kh2 Qf2+ {
[%mdl 64] Double Attack} 60. Kh3 Qf3+ 61. Kh2 Qf2+ {[%mdl 64] Double Attack}
62. Kh3 Qf3+ 63. Kh2 $11) 54... Kg8 55. Qe8+ (55. Qxd6 Qxc4+ 56. Kg2 Qc2+ 57.
Kg1 Qc1+ 58. Kh2 Qc2+ 59. Kh3 Qe4 $11) 55... Kg7 56. Qe7+ Kg8 57. Qg5+ (57.
Qxd6 Qxc4+ 58. Kf2 Qc2+ 59. Kf3 Qe4+ 60. Kf2 Qc2+ 61. Kf1 Qc4+ 62. Kg1 Qc1+ 63.
Kh2 Qc2+ 64. Kh1 Qc1+ 65. Kh2 Qc2+ 66. Kh3 Qe4 $11) 57... Kh8 58. Qf6+ (58.
Qxf5 Qf3+ 59. Kg1 Qxg3+ {[%mdl 64] Double Attack} 60. Kf1 Qf3+ 61. Kg1 Qg3+ {
[%mdl 64] Double Attack} 62. Kh1 Qf3+ 63. Kh2 Qf2+ {[%mdl 64] Double Attack}
64. Kh3 Qf3+ 65. Kh2 Qf2+ {[%mdl 64] Double Attack} 66. Kh3 Qf3+ 67. Kh2 $11)
58... Kg8 59. Qg6+ (59. Qxf5 Qf3+ 60. Kg1 Qxg3+ {[%mdl 64] Double Attack} 61.
Kh1 Qf3+ 62. Kh2 Qf2+ {[%mdl 64] Double Attack} 63. Kh3 Qf3+ 64. Kh2 Qf2+ {
[%mdl 64] Double Attack} 65. Kh3 Qf3+ 66. Kh2 $11) (59. Qxd6 Qxc4+ 60. Ke1 Qe4+
61. Kd1 Qb1+ 62. Ke2 Qe4+ 63. Kd2 Qb4+ 64. Ke3 Qe4+ 65. Kf2 Qc2+ 66. Kg1 Qc1+
67. Kh2 Qc2+ 68. Kh3 Qe4 $11) 59... Kh8 60. Qf6+ (60. Qxd6 Qf3+ 61. Kg1 Qxg3+
62. Kf1 Qf3+ 63. Ke1 Qe3+ 64. Kd1 Qb3+ 65. Ke2 Qxc4+ 66. Kd2 Qb4+ 67. Ke2 Qe4+
68. Kf2 Qc2+ 69. Ke3 Qe4+ 70. Kf2 Qc2+ 71. Ke3 Qe4+ 72. Kf2 $11)) 51... Qf3+
$11 {The position is equal.} 52. Ke1 Qxg3+ 53. Kd2 (53. Kf1 {with more
complications.} Qf3+ 54. Kg1 Qg3+ 55. Kh1 Qf3+ 56. Kh2) 53... Qf2+ 54. Kc3 (54.
Kc1 {is more complex.} Qe1+ 55. Kb2 Qb4+ 56. Kc2 Qxc4+ 57. Kd2) 54... Qe1+ 55.
Kc2 Qe2+ 56. Kc3 {And now Qc8+ would win.} Qe1+ 57. Kc2 {Threatens to win with
Qc8+.} Qe2+ 58. Kc3 {Hoping for Qc8+.} Qe1+ {Black defended with fortune. 
Weighted Error Value: White=0.20/Black=0.10} 1/2-1/2

[Event "Aimchess US Rapid Prelims 2021"]
[Site "Chess24"]
[Date "2021.08.25"]
[Round "2.3"]
[White "Le, Quang Liem"]
[Black "Van Foreest, Jorden"]
[Result "1/2-1/2"]
[WhiteElo "2709"]
[BlackElo "2698"]
[Annotator "TA"]
[PlyCount "119"]
[EventDate "2021.08.28"]
[EventType "tourn"]
[EventCountry "NET"]
[Tiebreak "Direct encounter+Number of wins+Koya"]
[SourceTitle "playchess.com"]
[Source "ChessBase"]
[SourceQuality "1"]

{[%evp 9,119,22,21,12,14,14,10,12,19,3,0,2,0,-7,0,0,0,0,0,0,13,7,23,0,0,-22,0,
10,8,30,6,14,9,8,17,-10,-7,0,-4,0,-4,-12,-5,-5,-4,-4,-4,-12,0,-16,0,-12,0,-28,
-42,-30,-13,-34,-8,-8,-5,-13,-12,-14,-12,-12,-12,-16,0,0,0,-8,0,0,0,0,0,-16,0,
0,0,0,0,0,0,0,0,0,0,0,0,0,0,0,0,0,0,0,0,0,0,0,0,0,0,0,0,0,0,0,0,0]} 1. e4 e5 2.
Nf3 Nc6 3. Bb5 Nf6 4. d3 Bc5 5. Bxc6 dxc6 6. Nbd2 {C65: Ruy Lopez: Berlin
Defence (3...Nf6), unusual lines and 4 0-0 Bc5.} Nd7 $1 {[%mdl 4] is currently
scoring better than 6...0-0.} 7. Nc4 f6 8. O-O Nf8 9. Be3 Bxe3 {[#]} 10. Nxe3
$146 ({Predecessor:} 10. fxe3 Ng6 11. a4 Be6 12. b3 O-O 13. Qe1 Qe7 14. h3 b6
15. Kh2 a5 16. g4 {1/2-1/2 (28) Nakamura,H (2736)-Van Foreest,J (2701) chess24.
com INT 2021}) 10... Ne6 11. Kh1 O-O 12. Ng1 a5 13. a4 b6 14. Ne2 c5 15. b3 Bb7
16. Qe1 Nd4 17. f4 exf4 18. Rxf4 Nxc2 {[%mdl 64] [#] Remove Defender, Decoy}
19. Nxc2 {aiming for Qc3.} Qxd3 {[%mdl 64] Double Attack} 20. Na3 Qxb3 21. Nb5
Rf7 22. Qd1 Qxd1+ 23. Rxd1 g5 24. Rf2 Bxe4 25. Nec3 Bc6 26. Re2 Kf8 27. Re6 Bd7
28. Ree1 Bc6 29. Re6 Bd7 30. Ree1 Bc6 31. Kg1 (31. Re6 $5 {[%cal Re6c6]} Bd7
$15) 31... Re8 32. Kf2 Rxe1 33. Rxe1 Re7 34. Rxe7 {The position is equal.} Kxe7
35. Nxc7 {[#] N7d5+ is the strong threat.} Kd6 36. N7b5+ Ke5 37. g3 f5 38. Ke3
f4+ 39. gxf4+ gxf4+ 40. Kd3 Be8 41. Na3 {Threatens to win with Nc4+.} Bg6+ 42.
Kd2 Bf7 43. Nc2 Bd5 44. Ne1 Bc6 45. Nd3+ Kf5 46. Ke2 c4 47. Nb2 Ke5 {White
should prevent ...Kd4.} 48. Kd2 $1 ({Not} 48. Nxc4+ $2 Kd4 $19) 48... Bd5 49.
Nxd5 Kxd5 $11 {[%mdl 4096] Endgame KN-KP} 50. Kc3 Kc5 51. Nxc4 b5 52. axb5 Kxb5
{KN-K3P} 53. Ne5 a4 54. h4 h5 55. Kb2 Kb6 56. Kc3 Kb5 57. Kc2 Kb6 58. Kc3 Kb5
59. Kc2 Kb6 60. Kc3 {Weighted Error Value: White=0.03/Black=0.04} 1/2-1/2

[Event "Aimchess US Rapid Prelims 2021"]
[Site "Chess24"]
[Date "2021.08.25"]
[Round "2.4"]
[White "Firouzja, Alireza"]
[Black "Aronian, Levon"]
[Result "1/2-1/2"]
[WhiteElo "2759"]
[BlackElo "2782"]
[Annotator "TA"]
[PlyCount "88"]
[EventDate "2021.08.28"]
[EventType "tourn"]
[EventCountry "NET"]
[Tiebreak "Direct encounter+Number of wins+Koya"]
[SourceTitle "playchess.com"]
[Source "ChessBase"]
[SourceQuality "1"]

{[%evp 13,88,15,19,15,16,18,11,23,7,17,13,14,14,20,15,17,18,12,9,11,8,24,21,0,
0,0,8,0,1,0,0,0,0,0,4,4,12,12,12,12,8,8,37,37,37,37,47,11,11,11,61,61,61,61,61,
61,61,61,61,0,0,0,0,0,0,0,0,0,0,0,0,0,0,0,0,0,0]} 1. e4 e5 2. Nf3 Nf6 3. Nxe5
d6 4. Nf3 Nxe4 5. Nc3 Nxc3 6. dxc3 Be7 7. Be3 O-O 8. Qd2 {C42: Petroff Defence:
3 Nxe5 and unusual White 3rd moves.} Nd7 9. O-O-O c6 {9...c6 is the modern
continuation.} 10. Kb1 d5 11. Bd3 Re8 12. h4 Bc5 13. Bd4 Bxd4 14. cxd4 Nf6 15.
Rde1 Ne4 16. Qf4 {[%cal Rd3e4]} Qf6 17. Qxf6 Nxf6 18. Ne5 g6 {[#]} 19. Re3 $146
({Predecessor:} 19. a4 Ng4 20. Nxg4 Bxg4 21. a5 Kf8 22. f3 Bd7 23. Kc1 Rxe1+
24. Rxe1 Re8 25. Rh1 {1/2-1/2 (34) Karjakin,S (2782)-Giri,A (2782) Leuven 2018}
) 19... Ng4 20. Nxg4 Bxg4 21. Rhe1 (21. Kc1 {is more complex.} Rxe3 22. fxe3 a5
23. Kd2 Kf8 24. Re1) 21... Rxe3 22. Rxe3 $11 {[%mdl 4096] Endgame KRB-KRB} Kf8
23. Kc1 Re8 (23... Be6 {looks sharper.} 24. Re1 Ke7 25. h5 b6 26. Kd2 Kd6) 24.
Kd2 Rxe3 25. Kxe3 {KB-KB} f6 26. Kf4 Bd7 27. b4 b5 28. c3 Kf7 29. g4 h6 30. g5
hxg5+ 31. hxg5 f5 32. Ke5 Ke7 33. Bc2 a6 34. a4 {[%cal Ba2a4,Ba4a5][%mdl 32]}
Bc8 35. a5 Bd7 36. f4 ({Better is} 36. Bd1 $14) 36... Bc8 {The position is
equal.} 37. Bd1 Bd7 38. Be2 Bc8 39. Bf3 Be6 40. Bg2 Bf7 41. Bh1 Bg8 42. Bg2 Bf7
43. Bh1 Bg8 44. Bg2 Bf7 {Weighted Error Value: White=0.04/Black=0.02} 1/2-1/2

[Event "Aimchess US Rapid Prelims 2021"]
[Site "Chess24"]
[Date "2021.08.25"]
[Round "2.5"]
[White "Naroditsky, Daniel"]
[Black "Liang, Awonder"]
[Result "0-1"]
[WhiteElo "2623"]
[BlackElo "2587"]
[Annotator "ChessBase"]
[PlyCount "78"]
[EventDate "2021.08.28"]
[EventType "tourn"]
[EventCountry "NET"]
[Tiebreak "Direct encounter+Number of wins+Koya"]
[SourceTitle "playchess.com"]
[Source "ChessBase"]
[SourceQuality "1"]
[TimeControl "900+10"]

1. b3 {[%emt 0:00:00]} e5 {[%emt 0:00:00]} 2. Bb2 {[%emt 0:00:05]} Nc6 {
[%emt 0:00:02]} 3. c4 {[%emt 0:00:00]} Nge7 {[%emt 0:00:01]} 4. e3 {[%emt 0:00:
18]} d5 {[%emt 0:00:03]} 5. cxd5 {[%emt 0:00:13]} Nxd5 {[%emt 0:00:01]} 6. a3 {
[%emt 0:00:02]} Bd6 {[%emt 0:00:05]} 7. Qc2 {[%emt 0:00:07]} Bd7 {[%emt 0:00:
08]} 8. Nf3 {[%emt 0:00:45]} Qe7 {[%emt 0:00:01]} 9. d3 {[%emt 0:00:45]} O-O-O
{[%emt 0:00:03]} 10. b4 {[%emt 0:01:11]} f5 {[%emt 0:00:39]} 11. Nbd2 {[%emt 0:
00:26]} Rhf8 {[%emt 0:01:31]} 12. Nc4 {[%emt 0:01:53]} a6 {[%emt 0:01:50]} 13.
Be2 {[%emt 0:00:36]} Kb8 {[%emt 0:00:06]} 14. O-O {[%emt 0:01:36]} g5 {[%emt 0:
00:09]} 15. d4 {[%emt 0:00:48]} e4 {[%emt 0:00:49]} 16. Nfe5 {[%emt 0:02:17]}
Bxe5 {[%emt 0:00:50]} 17. Nxe5 {[%emt 0:00:09]} Nxe5 {[%emt 0:00:58]} 18. dxe5
{[%emt 0:00:00]} f4 {[%emt 0:00:01]} 19. Bd4 {[%emt 0:00:21]} f3 {[%emt 0:00:
38]} 20. Bc4 {[%emt 0:00:09]} Bc6 {[%emt 0:00:59]} 21. Bc5 {[%emt 0:02:09]} Qd7
{[%emt 0:00:11]} 22. Rfd1 {[%emt 0:01:51]} Qg4 {[%emt 0:01:02]} 23. Bf1 {
[%emt 0:00:01]} fxg2 {[%emt 0:02:50]} 24. Bxg2 {[%emt 0:00:40]} Nf4 {[%emt 0:
00:43]} 25. exf4 {[%emt 0:00:31]} e3 {[%emt 0:00:03]} 26. Rxd8+ {[%emt 0:01:08]
} Rxd8 {[%emt 0:00:01]} 27. fxe3 {[%emt 0:00:03]} gxf4 {[%emt 0:00:05]} 28. h3
{[%emt 0:00:36]} Qg7 {[%emt 0:01:25]} 29. exf4 {[%emt 0:00:12]} Rg8 {[%emt 0:
00:01]} 30. Ra2 {[%emt 0:00:17]} Qf7 {[%emt 0:02:14]} 31. Qb1 {[%emt 0:00:56]}
Qd5 {[%emt 0:00:15]} 32. Qc2 {[%emt 0:00:03]} Qe6 {[%emt 0:00:29]} 33. f5 {
[%emt 0:00:20]} Qxe5 {[%emt 0:00:09]} 34. Qd1 {[%emt 0:00:09]} b6 {[%emt 0:00:
18]} 35. Bd4 {[%emt 0:00:11]} Qd5 {[%emt 0:00:09]} 36. Qd2 {[%emt 0:00:06]}
Qxf5 {[%emt 0:00:20]} 37. Qc3 {[%emt 0:00:07]} Qe4 {[%emt 0:00:25]} 38. Kf1 {
[%emt 0:00:18]} Qb1+ {[%emt 0:00:10]} 39. Qe1 {[%emt 0:00:08]} Bb5+ {[%emt 0:
00:03]} 0-1

[Event "Aimchess US Rapid Prelims 2021"]
[Site "Chess24"]
[Date "2021.08.25"]
[Round "2.6"]
[White "Hansen, Eric"]
[Black "Giri, Anish"]
[Result "1/2-1/2"]
[WhiteElo "2606"]
[BlackElo "2776"]
[Annotator "TA"]
[PlyCount "68"]
[EventDate "2021.08.28"]
[EventType "tourn"]
[EventCountry "NET"]
[Tiebreak "Direct encounter+Number of wins+Koya"]
[SourceTitle "playchess.com"]
[Source "ChessBase"]
[SourceQuality "1"]

{[%evp 16,68,21,14,29,8,37,12,31,0,0,-10,4,-10,-18,-16,0,-44,-35,-37,-21,-57,
-52,-54,-47,-50,-47,-64,-51,-60,-35,-36,-35,-47,-28,-27,-32,-37,-31,-39,0,0,0,
0,0,0,0,0,0,0,0,0,0,0,0]} 1. e4 e5 2. Nf3 Nc6 3. Bb5 a6 4. Ba4 Nf6 5. O-O Be7
6. Re1 b5 7. Bb3 O-O 8. h3 Bb7 9. d3 d5 {C88: Closed Ruy Lopez: Anti-Marshall
Systems.} 10. exd5 Nxd5 11. Nbd2 Nd4 12. Nxd4 (12. Rxe5 {is more complex.} Nxb3
13. Nxb3 Bd6 14. Re1 Nb6 15. Na5) 12... exd4 13. a4 Bb4 {[#]} 14. axb5 $146 ({
Predecessor:} 14. Rf1 Qf6 15. Ne4 Qc6 16. axb5 axb5 17. Rxa8 Bxa8 18. Qf3 Kh8
19. Ng3 f5 20. Ne2 {1-0 (35) Hansen,E (2925)-Sanal,V (2778) Chess.com INT 2020}
) 14... axb5 15. Rxa8 Bxa8 16. Qg4 Nf6 17. Qf5 c5 18. Re5 g6 19. Qg5 Nd7 $1 {
[%cal Rd7e5]} 20. Qxd8 Rxd8 21. Re2 Nb6 22. Ne4 Bxe4 23. Rxe4 c4 24. Bg5 Ra8 ({
Reject} 24... cxb3 $6 25. Bxd8 bxc2 26. Bg5 $16) 25. dxc4 bxc4 26. Bxc4 Nxc4
27. Rxd4 Ra1+ (27... Bd6 {is interesting.} 28. Kf1 f6 29. Bxf6 Rf8 30. Rxc4
Rxf6 31. Ke2 Kf7) 28. Kh2 {The position is equal.} Bd6+ 29. f4 Ne3 30. Rxd6
Nf1+ 31. Kg1 {[#] Black must now prevent Kf2.} Ng3+ 32. Kh2 Nf1+ 33. Kg1 {
Hoping for Kf2.} Ng3+ 34. Kh2 Nf1+ {Weighted Error Value: White=0.10/Black=0.07
} 1/2-1/2

[Event "Aimchess US Rapid Prelims 2021"]
[Site "Chess24"]
[Date "2021.08.25"]
[Round "2.7"]
[White "Vachier-Lagrave, Maxime"]
[Black "Artemiev, Vladislav"]
[Result "0-1"]
[WhiteElo "2751"]
[BlackElo "2704"]
[Annotator "TA"]
[PlyCount "170"]
[EventDate "2021.08.28"]
[EventType "tourn"]
[EventCountry "NET"]
[Tiebreak "Direct encounter+Number of wins+Koya"]
[SourceTitle "playchess.com"]
[Source "ChessBase"]
[SourceQuality "1"]

{[%evp 13,170,27,34,12,12,12,14,12,22,12,15,10,8,0,0,0,0,-18,-8,-19,-26,-52,
-51,-62,-58,-75,-70,-75,-21,-66,-62,-62,-62,-85,-75,-89,-89,-89,-89,-89,-71,
-81,-81,-89,-89,-88,-88,-114,-91,-114,-91,-114,-114,-114,-106,-106,-106,-106,
-106,-106,-70,-70,-70,-70,-70,-70,-70,-70,-70,-70,-70,-70,-70,-70,-70,-70,0,
-70,0,0,0,0,0,0,0,-92,0,-147,-147,-147,-147,-147,-147,-147,-92,-92,0,-5836,
-130,-130,0,0,0,0,0,0,0,0,0,0,0,-130,-130,-12836,-12836,-12837,-12838,-12839,
-12839,-12839,-12839,-12840,-12840,-12841,-12839,-12840,-12840,-12842,-12840,
-12841,0,-12842,-12843,-12843,0,0,0,0,0,0,0,0,0,0,0,0,0,-12833,0,-12834,-12834,
-12835,-12835,-12836,-12836,-12848,-12848,-12850,-12849]} 1. e4 c6 2. d4 d5 3.
e5 Bf5 4. Nf3 e6 5. Be2 c5 6. Be3 cxd4 7. Nxd4 Ne7 8. Nd2 {8.0-0 is the hot
move. B12: Caro-Kann: Advance Variation.} Nbc6 9. N2f3 Bg4 10. O-O {The
position is equal.} g6 {[#]} 11. Nxc6 $146 ({Predecessor:} 11. h3 Bxf3 12. Nxf3
Bg7 13. Bf4 O-O 14. c3 Qc7 15. Re1 Nxe5 16. Kh1 f6 17. Nd4 {1/2-1/2 (59)
Dominguez Perez,L (2739)-So,W (2788) Saint Louis 2017}) 11... Nxc6 12. c4 dxc4
13. Qa4 Qa5 14. Qxc4 Bxf3 15. Bxf3 Nxe5 16. Qe4 Bg7 17. Qxb7 Nxf3+ 18. Qxf3 {
Strongly threatening Qc6+.} O-O 19. Rad1 Rad8 ({Much weaker is} 19... Qxa2 20.
Bc5 $11) 20. Qb7 Rb8 (20... Qxa2 $17 21. Bc5 Rb8) 21. Qxa7 Qxa7 22. Bxa7 Rxb2
23. Bd4 Rxa2 24. Bxg7 Kxg7 $17 {[%mdl 4096] Endgame KRR-KRR} 25. Ra1 Rd2 26.
Rfd1 Rd5 27. g3 Rfd8 28. Rdc1 Rd2 29. Rc3 g5 30. h3 h5 31. Rac1 R8d4 32. R3c2
Rxc2 33. Rxc2 {KR-KR} f5 34. Kg2 Kf6 35. Rc8 h4 36. gxh4 gxh4 37. Rf8+ Kg7 38.
Re8 Kf7 39. Ra8 Ke7 40. Rh8 Kd6 41. Ra8 Rb4 42. Ra6+ Kd5 43. Kf3 Rb3+ 44. Kg2
Rb4 45. Kf3 $1 e5 (45... Ke5 $15) 46. Rh6 $11 e4+ 47. Kg2 Rb2 48. Rh5 Ke5 (
48... e3 {keeps more tension.} 49. Rxf5+ Kd4 50. Kf1 Rb1+ 51. Ke2 Ke4) 49. Rh8
(49. Kf1 $11) 49... Ra2 (49... Kf6 $1 $17 50. Rh6+ Kg5) 50. Rb8 (50. Kf1 $11)
50... Kf4 $1 $17 {Threatens to win with ...e3.} 51. Rb3 Rd2 52. Ra3 Ke5 53.
Ra5+ Rd5 ({Black should play} 53... Ke6 54. Ra8 Kf6) 54. Ra8 f4 (54... Kf6 $17
{Hoping for ...Rd2.} 55. Rh8 Rd2 56. Rf8+ Kg5 57. Rg8+ Kf6 58. Rf8+ Kg5 59.
Rg8+ Kf4) 55. Ra3 $2 {[%mdl 8192]} (55. Kf1 $11) 55... Rd2 $2 (55... Rc5 $19 {
is more deadly.} 56. Ra1 Rc3) 56. Kf1 Rd3 (56... f3 $1 $17 {[%cal Rd2d1]} 57.
Ra5+ Kf4) 57. Ra5+ $1 $11 Rd5 (57... Kd4 {with more complications.} 58. Ra4+
Kd5 59. Ra5+ Ke6 60. Ra6+ Kf5) 58. Ra8 Rb5 59. Re8+ Kd4 60. Rd8+ Rd5 61. Ra8 f3
62. Ra3 (62. Ke1 $11 {remains equal.}) 62... Rb5 $17 {[%cal Rb5b1]} 63. Kg1 $2
{[%mdl 8192]} (63. Ra1 $17) 63... Rc5 64. Ra1 Kd3 65. Ra3+ Rc3 66. Ra1 Kd2 67.
Ra2+ Rc2 $1 {[%cal Rc2a2]} 68. Ra3 Rc1+ 69. Kh2 Rc3 70. Ra4 Kd3 71. Ra1 Kd2 72.
Ra4 e3 73. fxe3 {[#]} Kxe3 $2 ({Better is} 73... Rc1 $1 $19 74. Ra2+ Kd3) 74.
Ra1 $1 $11 Rd3 75. Kg1 Rd2 {White must now prevent ...Ke2.} 76. Ra3+ Ke2 77.
Ra1 Rb2 {...Rc2 is the strong threat.} 78. Rc1 Rb3 (78... f2+ {looks sharper.}
79. Kg2 Rb7 80. Rc2+ Ke1 81. Rc1+ Kd2) 79. Rc2+ $1 Ke3 {And now ...Rb1+ would
win.} 80. Ra2 $2 {[%mdl 8192]} (80. Rc1 $11) 80... Rb1+ $19 81. Kh2 {[#]
intending Ra3+.} Rd1 $1 {[%cal Rd1d2] ( -> ...Rd2+). Black is clearly winning.}
({Weaker is} 81... f2 82. Rxf2 Rb5 83. Rg2 $11) 82. Ra3+ Rd3 83. Ra1 Ke2 84.
Kg1 f2+ {[%mdl 64] Discovered Attack} 85. Kg2 Rg3+ {Weighted Error Value:
White=0.28/Black=0.28} 0-1

[Event "Aimchess US Rapid Prelims 2021"]
[Site "Chess24"]
[Date "2021.08.25"]
[Round "2.8"]
[White "Dominguez Perez, Leinier"]
[Black "Mamedyarov, Shakhriyar"]
[Result "0-1"]
[WhiteElo "2758"]
[BlackElo "2782"]
[Annotator "TA"]
[PlyCount "60"]
[EventDate "2021.08.28"]
[EventType "tourn"]
[EventCountry "NET"]
[Tiebreak "Direct encounter+Number of wins+Koya"]
[SourceTitle "playchess.com"]
[Source "ChessBase"]
[SourceQuality "1"]

{[%evp 19,60,14,26,0,0,0,0,0,29,25,15,15,17,24,18,18,43,0,0,0,7,8,35,0,10,0,6,
0,0,0,5,0,0,0,0,-8,0,-6292,-6260,-29962,-29965,-29998,-29999]} 1. e4 e5 2. Nf3
Nc6 3. Bb5 Nf6 4. O-O Nxe4 5. d4 Nd6 6. Bxc6 dxc6 7. dxe5 Nf5 8. Qxd8+ Kxd8 9.
Rd1+ {9.h3 gains popularity.} Ke8 10. Nc3 Be7 11. g4 {C67: Ruy Lopez: Berlin
Defence: 4 0-0 Nxe4.} Nh4 12. Nxh4 Bxh4 13. Kg2 {[#] The position is equal.} f6
$5 $146 {[%mdl 8] New and interesting.} (13... h5 {keeps more tension.} 14. g5
f6 15. exf6 gxf6 16. Ne4 fxg5 17. Bxg5 Bxg5 18. Nxg5 Ke7) ({Predecessor:} 13...
Be6 14. h3 h5 15. f3 Be7 16. Bf4 a5 17. a4 Rd8 18. b3 Rd7 19. Ne4 b6 {1-0 (35)
Dominguez Perez,L (2758)-Tari,A (2639) chess24.com INT 2021}) 14. exf6 Bxf6 15.
f3 Bxc3 16. bxc3 Be6 17. Bf4 Rc8 18. Be5 Kf7 19. Kg3 Rhd8 20. Rd4 Rd5 (20... c5
{feels hotter.} 21. Rf4+ Kg8 22. Ra4 a6 23. Re4 Bd5) 21. f4 g6 22. Rxd5 Bxd5
$11 {[%mdl 4096] Endgame KRB-KRB} 23. Kh4 h6 24. a3 Re8 25. Re1 b5 26. Re3 c5
27. Rh3 g5+ 28. Kh5 $2 {[%mdl 8192] [#]} (28. Kg3 $11) 28... Rxe5 $1 $19 {
[%mdl 512]} 29. fxe5 (29. Kxh6 gxf4) 29... Kg7 {[%cal Rd5f7]} 30. e6 Be4 {
[%csl Gg7][%cal Re4g6] Weighted Error Value: White=0.63/Black=0.06} 0-1